000 00968nam a2200241Ia 4500
003 GCL
005 20240530110329.0
008 140319s9999 xx 000 0 ara d
040 _aGCL /
_cGCL
082 0 4 _a349.64
_bس ش
100 1 _aسعيد الفكهانى
245 1 0 _aالشرح والتعليق على قانون المسطرة الجنائية المغربى /
_cاعداد سعيد الفكهانى ، حامد الحرفه ، حسن الفكهانى
260 _a[S.N] :
_bالدار العربية للموسوعات ،
_c1993
300 _a4 جزء ؛
_c24 سم.
490 0 _aالمدونة القانونية المغربية ( تشريع - فقه - قضاء )
650 0 4 _aالقانون
650 0 4 _aالقانون العام
650 0 4 _aالقانون الخاص
_zالمغرب
650 0 4 _aالقانون البحرى
_zالمغرب
700 1 _aسعيد الفكهانى
700 1 _aحامد الحرفة
942 _2ddc
_cREF
999 _c59714
_d59714